000 00946cam a22002531 4500
001 he 67000765
003 DLC
005 20260227111446.0
008 850102s1962 nyu 000 0 heb
010 _ahe 67000765
035 _a(OCoLC)19184799
040 _aDLC
_cMH
_dDLC
050 0 0 _aBM745
_b.T4 1962
100 1 _aṬaiṭelboim, Yeḳutiʼel Yehudah,
_d1808-1891.
245 1 0 _aYeṭiv panim :
_btokheḥat musar, ben kese le-ʻaśor davar be-ʻito be-moʻadim le-śimḥah u-zemanim le-saśon, ṿe-Shabtot ha-shanah ha-neḳuvim bi-shemotam...
260 _aBrooklyn :
_bHotsaʼat bet misḥar ṿe-hotsaʼat sefarim Yerushalayim,
_c723 [1962 or 1963]
300 _a2 v. ;
_c26 cm.
500 _aPhoto-offset of Lemberg, 1882 and Huszt, 1912 eds.
650 0 _aJewish festival-day sermons.
650 0 _aJewish sermons.
752 _aUkraine
_dLemberg
752 _aUkraine
_dHuszt
752 _aUnited States
_bNew York
_dNew York
999 _c32324
_d32324